| 000 | 00717nam a2200241 a 4500 | ||
|---|---|---|---|
| 008 | |||
| 020 | _a0723432309 (pbk.) | ||
| 049 | _aMAIN | ||
| 090 |
_aRC76 _bPOC |
||
| 245 | 1 | 0 |
_aPocket guide to clinical examination / _cOwen Epstein...[et al.] |
| 250 | _a3rd ed. | ||
| 260 |
_aEdinburgh : _bMosby, _c2004. |
||
| 300 |
_a274 p. : _bill.(some col.) ; _c19cm. |
||
| 500 | _aIncludes index. | ||
| 504 | _aIncludes bibliographical references. | ||
| 650 | 1 |
_aClinical examination _xhandbooks,manuals,e.t.c... |
|
| 700 | _aEpstein, Owen. | ||
| 907 |
_a.b10266045 _b11-03-14 _c14-09-09 |
||
| 003 | |||
| 005 | 20230120204017.0 | ||
| 040 | _cNUST | ||
| 942 |
_cBOOKS _kRC76 _mPOC |
||
| 999 |
_c115528 _d115528 |
||